Responses for Show #6224 - Thursday, October 13, 2011

Contestants

[<< previous game]

Liz Good, a freelance editor from Brockton, Massachusetts

Drew Denton, a graduate student of American religious history from Decatur, Georgia

Katie Proctor, a stay-at-home mom from Hendersonville, North Carolina (whose 1-day cash winnings total $26,401)

[next game >>]

Jeopardy! Round responses

LITERARY NARRATORS
IT'S IN YOUR MIND
VIDEO GAME HISTORY
YOU SEE 'EM AT THE MUSEUM
ONE GOOD TURN
DESERVES AN "ITHER"
    $200 11
(Drew: Who is Tom Sawyer?)

Huck Finn

KatieDrew
    $200 26
amnesia

Katie
    $200 1
Atari

Katie
    $200 21
the Sistine Chapel

Liz
    $200 6
a left turn (to the left accepted)

Katie
    $200 16
hither

Liz
    $400 12
(Edgar Allan) Poe

Drew
    $400 27
drive

Katie
    $400 2
(Drew: Who is Charles Barkley?)

Dr. J

KatieDrew
    $400 22
the Louvre

Katie
    $400 7
a 180 (or a U-turn)

Katie
    $400 17
slither

Katie
    $600 13
the IRS

Triple Stumper
    $600 28
manic

Katie
    $600 3
Doom

Katie
    $600 23
the Guggenheim

Katie
    $2,000 8
(Alex: You are starting out like Joon Pahk did--earning money quickly and finding the Daily Doubles.)

a hairpin

Katie
    $600 18
the zither

Katie
    $800 14
Love Story

Katie
    $800 29
a sin

Drew
    $800 4
World of Warcraft

Katie
    $800 24
the Prado

Drew
    $800 9
hard

Katie
    $800 19
dither

Katie
    $1000 15
Wuthering Heights

Liz
    $1000 30
transference

Triple Stumper
    $1000 5
[Applause for Katie's run of the category]
(Alex: You've spent a lot of time playing video games, haven't you?)
(Katie: Not really.)

the Sims

Katie
    $1000 25
(Liz: What is the Winter Palace?)
(Alex: Mm... [Blows air] No.)
(Liz: What is [*]?)

the Hermitage

Liz
Triple Stumper
    $1000 10
skis (snow skis accepted)

Liz
    $1000 20
the withers

Katie

Scores at the first commercial break (after clue 15):

Katie Drew Liz
$7,400 -$200 $2,000

Scores at the end of the Jeopardy! Round:

Katie Drew Liz
$12,400 $1,400 $1,400

Double Jeopardy! Round responses

THE 2011 TIME 100
(Alex: We're dealing with the most influential people in the world, according to Time.)
MOVIES ON THE MAP
CAPTAIN COOK
A POPS CONCERT
HODGEPODGE
HOMONYM FILL-INS
    $400 6
Hillary Clinton

Drew
    $400 1
Philadelphia

Drew
    $400 14
coal

Katie
    $400 11
Johann Sebastian Bach

Liz
    $400 21
Capricorn

Liz
    $400 26
waste/waist

Katie
    $800 7
(David) Petraeus

Drew
    $800 2
Nashville

Drew
    $1,600 15
the St. Lawrence

Katie
    $800 12
Johann Strauss

Liz
    $800 22
Park Avenue

Katie
    $800 27
prince/prints

Katie
    $2,600 8
(Arianna) Huffington

Drew
    $1200 3
(Drew: What is Raising Arizona?)
...
(Alex: That chipper in the snow.)

Fargo

KatieDrew
    $1200 16
Tahiti

Liz
    $1200 13
Coppola

Drew
    $1200 23
Gore Vidal

Liz
    $1200 28
(Drew: What is a liar?)

loot/lute

Drew
Triple Stumper
    $1600 9
Assange

Katie
    $1600 4
Chicago

Liz
    $1600 17
the Antarctic Circle

Triple Stumper
    $1600 19
Debussy

Liz
    $1600 24
confluence

Katie
    $1600 29
waiver/waver

Katie
    $2000 10
(Benjamin) Netanyahu

Katie
    $2000 5
Munich

Katie
    $2000 18
the North and South Islands

Katie
    $2000 20
Scarlatti

Liz
    $2000 25
forest

Katie
    $2000 30
new/gnu/knew

Katie

Scores at the end of the Double Jeopardy! Round:

Katie Drew Liz
$32,400 $5,200 $10,600
(lock game)

[wagering suggestions for these scores]

Final Jeopardy! Round responses

THE OSCARS
DrewWho is Streisand?
$1,840
LizWho is
$0
KatieWho is Sinatra?
$7,600
Barbra Streisand

Final scores:

Katie Drew Liz
$24,800 $7,040 $10,600
2-day champion: $51,201 3rd place: $1,000 2nd place: $2,000

Game dynamics:

Coryat scores:

Katie Drew Liz
$30,200 $3,800 $10,600
34 R
(including 2 DDs),
0 W
9 R
(including 1 DD),
4 W
12 R,
1 W

Combined Coryat: $44,600

[game clues] [game scores] [suggest correction]

Game tape date: 2011-08-29
The J! Archive is created by fans, for fans. Scraping, republication, monetization, and malicious use prohibited; this site may use cookies and collect identifying information. See terms. The Jeopardy! game show and all elements thereof, including but not limited to copyright and trademark thereto, are the property of Jeopardy Productions, Inc. and are protected under law. This website is not affiliated with, sponsored by, or operated by Jeopardy Productions, Inc. Join the discussion at JBoard.tv.